书目信息 |
| 题名: |
从大学生到监理工程师
|
|
| 作者: | 李燕 编 | |
| 分册: | ||
| 出版信息: | 北京 中国建筑工业出版社 2014 |
|
| 页数: | 166页 | |
| 开本: | 26cm | |
| 丛书名: | ||
| 单 册: | ||
| 中图分类: | TU712.2 | |
| 科图分类: | ||
| 主题词: | 建筑工程--监理工作 , 监理工作 , 建筑工程 | |
| 电子资源: | ||
| ISBN: | 978-7-112-16519-3 | |
| 000 | 01022nam0 2200265 450 | |
| 001 | 142625 | |
| 005 | 20191105104025.81 | |
| 010 | @a978-7-112-16519-3@dCNY 26.00 | |
| 100 | @a20141017d2014 em y0chiy50 ea | |
| 101 | 0 | @achi |
| 102 | @aCN@b110000 | |
| 105 | @ay z 000yy | |
| 200 | 1 | @a从大学生到监理工程师@9cong da xue sheng dao jian li gong cheng shi@b专著@f李燕编 |
| 210 | @a北京@c中国建筑工业出版社@d2014 | |
| 215 | @a166页@d26cm | |
| 312 | @a封面英文题名:From graduate to supervision engineer | |
| 330 | @a本书依据最新版的《建设工程监理规范》、《建设工程监理合同示范文本》、《建设工程施工合同示范文本》、《建设工程安全检查评定标准》编写而成,书中将作为一个监理工程师必须具备的知识介绍给大学生及现场监理工程师,并根据经验编写了一些常用的监理文件参考范本。 | |
| 510 | 1 | @aFrom graduate to supervision engineer@zeng |
| 606 | 0 | @a建筑工程@x监理工作 |
| 606 | 0 | @a监理工作 |
| 606 | 0 | @a建筑工程 |
| 690 | @aTU712.2@v5 | |
| 701 | 0 | @a李燕@9li yan@4编 |
| 801 | 0 | @c20141223 |
| 905 | @a241430@dTU712.2@eL315 | |
| 从大学生到监理工程师/李燕编.-北京:中国建筑工业出版社,2014 |
| 166页;26cm |
| ISBN 978-7-112-16519-3:CNY 26.00 |
| 本书依据最新版的《建设工程监理规范》、《建设工程监理合同示范文本》、《建设工程施工合同示范文本》、《建设工程安全检查评定标准》编写而成,书中将作为一个监理工程师必须具备的知识介绍给大学生及现场监理工程师,并根据经验编写了一些常用的监理文件参考范本。 |
| ● |
| 相关链接 |
|
|
|
正题名:从大学生到监理工程师
索取号:TU712.2/L315
 
预约/预借
| 序号 | 登录号 | 条形码 | 馆藏地/架位号 | 状态 | 备注 |
| 1 | 1135422 | 211354229 | 建筑库201/201建筑库 23排3列4层/ [索取号:TU712.2/L315] | 在馆 | |
| 2 | 1135423 | 211354238 | 建筑库201/201建筑库 23排3列4层/ [索取号:TU712.2/L315] | 在馆 | |
| 3 | 1135424 | 211354247 | 建筑库201/201建筑库 23排3列4层/ [索取号:TU712.2/L315] | 在馆 | |
| 4 | 1232283 | 212322832 | 建筑库201/201建筑库 23排3列5层/ [索取号:TU712.2/L315] | 在馆 | |
| 5 | 1232284 | 212322841 | 建筑库201/201建筑库 23排3列5层/ [索取号:TU712.2/L315] | 在馆 | |
| 6 | 1232285 | 212322850 | 建筑库201/201建筑库 23排3列4层/ [索取号:TU712.2/L315] | 在馆 | |
| 7 | 1232286 | 212322869 | 建筑库201/201建筑库 23排3列5层/ [索取号:TU712.2/L315] | 在馆 | |
| 8 | 1232287 | 212322878 | 建筑库201/201建筑库 23排3列5层/ [索取号:TU712.2/L315] | 在馆 | |
| 9 | 1232288 | 212322887 | 建筑库201/201建筑库 23排3列5层/ [索取号:TU712.2/L315] | 在馆 |